Loading...
Bhashashtapadi
| Main Author: | |
|---|---|
| Format: | Printed Book |
| Language: | Malayalam |
| Published: |
Kerala Sahithya Academi
Kerala Sahithya Academy
1977
|
| LEADER | 00476nam a2200121Ia 4500 | ||
|---|---|---|---|
| 008 | 111204s9999 xx 000 0 mal d | ||
| 100 | |a Ramapurathu Varier | ||
| 245 | |a Bhashashtapadi |c Ramapurathu Varier | ||
| 260 | |b Kerala Sahithya Academy |a Kerala Sahithya Academi |c 1977 | ||
| 300 | |a 76 | ||
| 942 | |c BK | ||
| 999 | |c 211416 |d 211416 | ||
| 952 | |0 0 |1 0 |2 ddc |4 0 |6 851_630000000000000_BHA |7 0 |9 233817 |a MAL |b MAL |c ST1 |d 2006-10-10 |g 12.00 |l 1 |o 851.63 BHA |p MAL23952 |r 2014-10-24 |s 2014-10-10 |v 12.00 |w 2011-12-05 |y BK | ||